International retailing / (Record no. 13691)
[ view plain ]
| 000 -LEADER | |
|---|---|
| fixed length control field | 00994cam a2200277 a 4500 |
| 001 - CONTROL NUMBER | |
| control field | 15414507 |
| 005 - DATE AND TIME OF LATEST TRANSACTION | |
| control field | 20160601105021.0 |
| 008 - FIXED-LENGTH DATA ELEMENTS--GENERAL INFORMATION | |
| fixed length control field | 080815s2009 xxkadk frbd 001 0 eng d |
| 020 ## - INTERNATIONAL STANDARD BOOK NUMBER | |
| International Standard Book Number | 0199212821 (pbk.) |
| 020 ## - INTERNATIONAL STANDARD BOOK NUMBER | |
| International Standard Book Number | 9780199212828 (pbk.) |
| 040 ## - CATALOGING SOURCE | |
| Original cataloging agency | DLC |
| Transcribing agency | DLC |
| Modifying agency | BWKUK |
| -- | BWK |
| -- | DLC |
| 082 04 - DEWEY DECIMAL CLASSIFICATION NUMBER | |
| Classification number | 658.87 |
| Edition number | 22 |
| Item number | ALE |
| 100 1# - MAIN ENTRY--PERSONAL NAME | |
| Personal name | Alexander, Nicholas, |
| Dates associated with a name | 1960- |
| 9 (RLIN) | 12733 |
| 245 10 - TITLE STATEMENT | |
| Title | International retailing / |
| Statement of responsibility, etc | Nicholas Alexander, Anne Marie Doherty. |
| 260 ## - PUBLICATION, DISTRIBUTION, ETC. (IMPRINT) | |
| Place of publication, distribution, etc | Oxford, United Kingdom ; |
| -- | New York, United States : |
| Name of publisher, distributor, etc | Oxford University Press, |
| Date of publication, distribution, etc | 2009 |
| Place of manufacture | (Croydon, United Kingdom : |
| Manufacturer | CPI Group) |
| 300 ## - PHYSICAL DESCRIPTION | |
| Extent | xxiii, 371 p. : |
| Other physical details | charts, forms, tables ; |
| Dimensions | 25 cm. |
| 500 ## - GENERAL NOTE | |
| General note | Glossary : p. 365-366. |
| 500 ## - GENERAL NOTE | |
| General note | Index : p. 367-371. |
| 504 ## - BIBLIOGRAPHY, ETC. NOTE | |
| Bibliography, etc | Includes bibliographical references. |
| 650 #0 - SUBJECT ADDED ENTRY--TOPICAL TERM | |
| Topical term or geographic name as entry element | International trade |
| 9 (RLIN) | 4508 |
| 653 ## - INDEX TERM--UNCONTROLLED | |
| Resource For college | BAEPS, Business Administration |
| Arrived date list | March2014 |
| 655 ## - INDEX TERM--GENRE/FORM | |
| Form subdivision | |
| -- | 33728 |
| 650 #0 - SUBJECT ADDED ENTRY--TOPICAL TERM | |
| 9 (RLIN) | 12734 |
| Topical term or geographic name as entry element | Retail trade |
| 700 1# - ADDED ENTRY--PERSONAL NAME | |
| Personal name | Doherty, Anne Marie |
| 9 (RLIN) | 12736 |
| 942 ## - ADDED ENTRY ELEMENTS (KOHA) | |
| Source of classification or shelving scheme | Dewey Decimal Classification |
| Item type | Book - Borrowing |
| Call number prefix | 658.87 ALE |
| Withdrawn status | Item status | Source of classification or shelving scheme | Damaged status | Not for loan | Vendor | Home library | Current library | Shelving location | Date acquired | Source of acquisition | Cost, normal purchase price | Serial Enumeration / chronology | Total Checkouts | Total Renewals | Full call number | Barcode | Date last seen | Date last borrowed | Koha item type | Cost, replacement price |
|---|---|---|---|---|---|---|---|---|---|---|---|---|---|---|---|---|---|---|---|---|
| Dewey Decimal Classification | Alahram | Central Library | Central Library | First floor | 15/03/2010 | 230.00 | 302 | 7 | 8 | 658.87 ALE | 000020217 | 15/07/2025 | 12/03/2014 | NB - Book (Non borrowing) | ||||||
| Dewey Decimal Classification | Baccah | Central Library | Central Library | First floor | 18/04/2011 | 230.00 | 35 | 80 | 658.87 ALE | 000023200 | 15/07/2025 | 15/02/2023 | Book - Borrowing | |||||||
| Dewey Decimal Classification | Baccah | Central Library | Central Library | First floor | 21/04/2011 | 230.00 | 28 | 91 | 658.87 ALE | 000023363 | 15/07/2025 | 26/02/2022 | Book - Borrowing | |||||||
| Dewey Decimal Classification | Baccah | Central Library | Central Library | First floor | 26/03/2014 | 450.00 | 16 | 59 | 658.87 ALE | 000035808 | 15/07/2025 | 09/01/2022 | Book - Borrowing | 562.50 | ||||||
| Dewey Decimal Classification | Baccah | Central Library | Central Library | First floor | 26/03/2014 | 450.00 | 26 | 67 | 658.87 ALE | 000035809 | 15/07/2025 | 06/02/2024 | Book - Borrowing | 562.50 |